[Event "HUN-chT 1819"]
[Site "Hungary"]
[Date "2019.04.27"]
[Round "8.2"]
[White "Ugroczky, Peter"]
[Black "Tompa, Janos"]
[Result "1/2-1/2"]
[WhiteElo "2304"]
[BlackElo "2366"]
[PlyCount "33"]
[EventDate "2018.11.17"]
[EventType "team-tourn"]
[EventRounds "9"]
[EventCountry "HUN"]
[SourceTitle "CBM 190 Extra"]
[Source "ChessBase"]
[SourceDate "2019.07.15"]
[SourceVersion "1"]
[SourceVersionDate "2019.07.15"]
[SourceQuality "1"]
[WhiteTeam "HVSE Infraplan"]
[BlackTeam "Dunaharaszti"]
[WhiteTeamCountry "HUN"]
[BlackTeamCountry "HUN"]

1. e4 c5 2. Nf3 e6 3. d4 cxd4 4. Nxd4 Nc6 5. Nb5 d6 6. c4 Nf6 7. N1c3 a6 8. Na3 Be7 9. Be2 0-0 10. 0-0 Qc7 11. Be3 Ne5 12. f4 Ned7 13. Bf3 Rb8 14. Ba7 Ra8 15. Be3 Rb8 16. Ba7 Ra8 17. Be3 1/2-1/2

[Event "HUN-chT2 Charousek 1819"]
[Site "Hungary"]
[Date "2019.02.24"]
[Round "8.4"]
[White "Ugroczky, Peter"]
[Black "Sipos, Janos"]
[Result "1-0"]
[WhiteElo "2318"]
[BlackElo "2228"]
[PlyCount "147"]
[EventDate "2018.09.23"]
[EventType "team-tourn"]
[EventRounds "11"]
[EventCountry "HUN"]
[SourceTitle "CBM 189 Extra"]
[Source "ChessBase"]
[SourceDate "2019.06.03"]
[SourceVersion "1"]
[SourceVersionDate "2019.06.03"]
[SourceQuality "1"]
[WhiteTeam "Haladas Szombathely II"]
[BlackTeam "Aquaprofit Nagykanizsa II"]
[WhiteTeamCountry "HUN"]
[BlackTeamCountry "HUN"]

1. e4 c5 2. Nf3 Nc6 3. d4 cxd4 4. Nxd4 g6 5. c4 Bg7 6. Be3 Nf6 7. Nc3 0-0 8. Be2 d6 9. 0-0 Bd7 10. h3 a6 11. Rc1 Nxd4 12. Bxd4 Bc6 13. b4 e5 14. Be3 Nxe4 15. Nd5 f5 16. b5 Be8 17. Nb6 Rb8 18. Qd3 Bf7 19. a4 Nc5 20. Bxc5 dxc5 21. Nd7 e4 22. Qd1 Bd4 23. Nxb8 Qxb8 24. bxa6 bxa6 25. Rb1 Qf4 26. Rb6 a5 27. Qb3 Qd2 28. Bd1 f4 29. Rb8 e3 30. Rxf8+ Kxf8 31. fxe3 fxe3 32. Qb8+ Kg7 33. Rxf7+ Kxf7 34. Qc7+ Kf6 35. Qd6+ Kf5 36. Qd5+ Be5 37. Bg4+ Kf4 38. g3+ Kxg3 39. Qxe5+ Kh4 40. Qf4 Qe1+ 41. Kg2 g5 42. Qf3 h6 43. Bh5 Qd2+ 44. Qe2 Qd4 45. Qg4+ Qxg4+ 46. hxg4 e2 47. Kf2 e1Q+ 48. Kxe1 Kg3 49. Ke2 Kf4 50. Kf2 Ke4 51. Be8 Kd4 52. Bb5 Ke4 53. Ke2 Kf4 54. Bd7 Ke4 55. Bf5+ Kf4 56. Bd7 Ke4 57. Kd2 Kd4 58. Bb5 Ke4 59. Kc3 Ke3 60. Bd7 Ke2 61. Bf5 Ke3 62. Bc2 Ke2 63. Bd3+ Kf3 64. Bf5 Ke3 65. Kc2 Ke2 66. Kc1 Ke3 67. Kd1 Kd4 68. Kd2 Kxc4 69. Kc2 Kd4 70. Kb3 Ke5 71. Bc2 Kd4 72. Bg6 c4+ 73. Kc2 Kd5 74. Kc3 1-0

[Event "HUN-chT 1819"]
[Site "Hungary"]
[Date "2018.12.02"]
[Round "3.5"]
[White "Juhasz, Barbara"]
[Black "Ugroczky, Peter"]
[Result "1/2-1/2"]
[WhiteElo "2214"]
[BlackElo "2304"]
[PlyCount "71"]
[EventDate "2018.11.17"]
[EventType "team-tourn"]
[EventRounds "9"]
[EventCountry "HUN"]
[SourceTitle "CBM 187 Extra"]
[Source "ChessBase"]
[SourceDate "2018.11.04"]
[SourceVersion "1"]
[SourceVersionDate "2018.11.04"]
[SourceQuality "1"]
[WhiteTeam "Mako Duocor"]
[BlackTeam "HVSE Infraplan"]
[WhiteTeamCountry "HUN"]
[BlackTeamCountry "HUN"]

1. e4 c5 2. Nf3 Nc6 3. Bb5 g6 4. Bxc6 bxc6 5. c3 Bg7 6. 0-0 Nf6 7. e5 Nd5 8. Re1 0-0 9. Na3 a5 10. d3 Ba6 11. Nc4 Bb5 12. h4 f5 13. exf6 Nxf6 14. Be3 Bxc4 15. dxc4 d6 16. Bg5 e5 17. Nd2 Qc7 18. Bxf6 Bxf6 19. Qg4 Qf7 20. Ne4 Be7 21. Re2 Qf5 22. Qg3 Rad8 23. Rae1 d5 24. Ng5 Bd6 25. Qe3 e4 26. cxd5 cxd5 27. c4 Qe5 28. Qh3 Rde8 29. cxd5 Qxd5 30. Nxe4 Be5 31. Nd2 Bd4 32. Nf3 Rxe2 33. Rxe2 Qxa2 34. Nxd4 cxd4 35. Qd3 Qd5 36. Re4 1/2-1/2

[Event "HUN-chT2 Charousek 1819"]
[Site "Hungary"]
[Date "2018.11.18"]
[Round "4.5"]
[White "Ugroczky, Peter"]
[Black "Csuta, Akos Koppany"]
[Result "1-0"]
[WhiteElo "2318"]
[BlackElo "2186"]
[PlyCount "77"]
[EventDate "2018.09.23"]
[EventType "team-tourn"]
[EventRounds "11"]
[EventCountry "HUN"]
[SourceTitle "CBM 189 Extra"]
[Source "ChessBase"]
[SourceDate "2019.06.03"]
[SourceVersion "1"]
[SourceVersionDate "2019.06.03"]
[SourceQuality "1"]
[WhiteTeam "Haladas Szombathely II"]
[BlackTeam "Gyor Szechenyi"]
[WhiteTeamCountry "HUN"]
[BlackTeamCountry "HUN"]

1. e4 c5 2. Nf3 e6 3. d4 cxd4 4. Nxd4 Nc6 5. Nb5 d6 6. c4 a6 7. N5c3 Nf6 8. g3 Be7 9. Bg2 0-0 10. 0-0 e5 11. Be3 Be6 12. Nd5 Bxd5 13. cxd5 Na7 14. Nd2 Qd7 15. Rc1 Rfc8 16. Nc4 Bd8 17. f4 b5 18. Nb6 Bxb6 19. Bxb6 Rxc1 20. Qxc1 Rc8 21. Qd2 Qb7 22. Bf2 Nd7 23. Qb4 Qc7 24. Bh3 Re8 25. Qd2 exf4 26. Rc1 Qb7 27. Qxf4 Ne5 28. Qe3 Nc8 29. b3 Ne7 30. Qc3 f5 31. Bd4 fxe4 32. Be6+ Kh8 33. Bxe5 dxe5 34. d6 Ng6 35. d7 Rd8 36. Qc7 Qxc7 37. Rxc7 Nf8 38. Bh3 Nxd7 39. Rxd7 1-0

[Event "AUT-chT2M 1819"]
[Site "Austria"]
[Date "2018.10.19"]
[Round "1.6"]
[White "Ugroczky, Peter"]
[Black "Waldmann, Gerald"]
[Result "1/2-1/2"]
[WhiteElo "2301"]
[BlackElo "2126"]
[PlyCount "97"]
[EventDate "2018.10.19"]
[EventType "team-tourn"]
[EventRounds "11"]
[EventCountry "AUT"]
[SourceTitle "CBM 186 Extra"]
[Source "ChessBase"]
[SourceDate "2018.08.24"]
[SourceVersion "1"]
[SourceVersionDate "2018.08.24"]
[SourceQuality "1"]
[WhiteTeam "Fuerstenfeld/Hartberg"]
[BlackTeam "Die Klagenfurter"]
[WhiteTeamCountry "AUT"]
[BlackTeamCountry "AUT"]

1. e4 e6 2. d4 d5 3. Nd2 Nf6 4. e5 Nfd7 5. Bd3 c5 6. c3 Nc6 7. Ngf3 Be7 8. 0-0 Qc7 9. Re1 g5 10. dxc5 g4 11. Nd4 Ndxe5 12. Bb5 Bd7 13. b4 h5 14. Nf1 Ng6 15. Bd3 Rg8 16. Bxg6 Rxg6 17. g3 Nxd4 18. cxd4 Bg5 19. Qb3 Kf8 20. Re5 f6 21. Re1 Kg7 22. b5 Rh8 23. Bxg5 Rxg5 24. Rac1 h4 25. c6 bxc6 26. bxc6 Bc8 27. Re2 Rgh5 28. Qa3 hxg3 29. fxg3 Kg6 30. Ne3 f5 31. Rg2 Qb6 32. Qc5 Qa6 33. Qc2 Qb6 34. Rd2 Kg7 35. c7 R5h7 36. Qc3 Kf6 37. Rf2 Kg5 38. Qd2 Kg6 39. Qc3 Kg5 40. Rb2 Qa6 41. Nf1 Rf7 42. Qe3+ Kg6 43. Rbc2 Bd7 44. Nd2 Rc8 45. h4 Qd6 46. Qg5+ Kh7 47. Nf1 Bb5 48. h5 Rg7 49. Qe3 1/2-1/2

[Event "HUN-chT U18"]
[Site "Zalakaros"]
[Date "2018.07.28"]
[Round "5.3"]
[White "Ugroczky, Peter"]
[Black "Koszta, Benedek"]
[Result "1-0"]
[WhiteElo "2234"]
[BlackElo "1901"]
[PlyCount "113"]
[EventDate "2018.07.26"]
[EventType "team-swiss"]
[EventRounds "7"]
[EventCountry "HUN"]
[SourceTitle "CBM 185 Extra"]
[Source "ChessBase"]
[SourceDate "2018.07.29"]
[SourceVersion "1"]
[SourceVersionDate "2018.07.29"]
[SourceQuality "1"]
[WhiteTeam "Haladas"]
[BlackTeam "Maroczy"]
[WhiteTeamCountry "HUN"]
[BlackTeamCountry "HUN"]

1. e4 c5 2. Nf3 d6 3. d4 cxd4 4. Qxd4 Nc6 5. Bb5 Bd7 6. Bxc6 Bxc6 7. Nc3 Nf6 8. Bg5 e6 9. 0-0-0 Be7 10. Qd3 0-0 11. Nd4 Rc8 12. f4 Qc7 13. Kb1 a6 14. f5 e5 15. Nxc6 bxc6 16. Bxf6 Bxf6 17. Qxd6 Qa5 18. Qd2 Qb6 19. g4 Rb8 20. b3 Be7 21. Na4 Qb5 22. Nb2 Rfd8 23. Qg2 Rxd1+ 24. Rxd1 h6 25. a4 Qc5 26. Qe2 a5 27. Qc4 Qb6 28. Qc3 Rd8 29. Rxd8+ Bxd8 30. Qxe5 Bf6 31. Qe8+ Kh7 32. e5 Qg1+ 33. Ka2 Qe1 34. Nd3 Qe2 35. Qxc6 Bxe5 36. Nxe5 Qxe5 37. Qg2 Qc3 38. Qe4 f6 39. Qd3 Qe1 40. h3 Qc1 41. c4 Qe1 42. Qc2 Qh1 43. c5 Qc6 44. Qc3 Qc7 45. c6 Kh8 46. Qc5 Kh7 47. Qd5 Qh2+ 48. Kb1 Qg1+ 49. Kc2 Qf2+ 50. Kd3 Qf1+ 51. Kd4 Qf4+ 52. Qe4 Qd6+ 53. Kc3 Qc5+ 54. Kb2 Qf2+ 55. Qc2 Qd4+ 56. Ka2 Qd8 57. c7 1-0

[Event "HUN-chT U18"]
[Site "Zalakaros"]
[Date "2018.07.27"]
[Round "3.2"]
[White "Acs, Marton"]
[Black "Ugroczky, Peter"]
[Result "0-1"]
[WhiteElo "2157"]
[BlackElo "2234"]
[PlyCount "68"]
[EventDate "2018.07.26"]
[EventType "team-swiss"]
[EventRounds "7"]
[EventCountry "HUN"]
[SourceTitle "CBM 185 Extra"]
[Source "ChessBase"]
[SourceDate "2018.07.29"]
[SourceVersion "1"]
[SourceVersionDate "2018.07.29"]
[SourceQuality "1"]
[WhiteTeam "Tapolca"]
[BlackTeam "Haladas"]
[WhiteTeamCountry "HUN"]
[BlackTeamCountry "HUN"]

1. Nf3 Nf6 2. g3 d5 3. Bg2 c6 4. 0-0 Bg4 5. d4 e6 6. Nbd2 Be7 7. Re1 0-0 8. e4 Nbd7 9. c3 Bh5 10. Qb3 Qc7 11. exd5 cxd5 12. Nh4 Nb6 13. f4 Bg6 14. Bh3 Bd6 15. Ndf3 Be4 16. Ne5 Nfd7 17. Bg2 f5 18. Nhf3 Nxe5 19. Nxe5 Bxe5 20. dxe5 Nc4 21. Be3 b5 22. Bd4 Rab8 23. Re2 a5 24. Qd1 b4 25. b3 Na3 26. cxb4 axb4 27. Rc1 Qb7 28. Qd2 Rfc8 29. Bxe4 Rxc1+ 30. Qxc1 fxe4 31. Qe3 Rc8 32. Bc5 Qb5 33. Bd6 Nc2 34. Qd2 Nd4 0-1

[Event "HUN-ch U18"]
[Site "Balatonlelle"]
[Date "2018.06.28"]
[Round "9"]
[White "Ugroczky, Peter"]
[Black "Toth, Tamas3333"]
[Result "1/2-1/2"]
[WhiteElo "2204"]
[BlackElo "2222"]
[PlyCount "114"]
[EventDate "2018.06.21"]
[EventType "swiss"]
[EventRounds "9"]
[EventCountry "HUN"]
[SourceTitle "EXT 2019"]
[Source "ChessBase"]
[SourceDate "2018.10.10"]
[SourceVersion "1"]
[SourceVersionDate "2018.10.10"]
[SourceQuality "1"]

1. e4 e5 2. Nf3 Nc6 3. Bb5 a6 4. Ba4 d6 5. 0-0 Bd7 6. c3 g5 7. d4 g4 8. Ne1 Nf6 9. Bg5 Be7 10. Bc2 Rg8 11. Bh4 Nh5 12. Bxe7 Qxe7 13. d5 Nb8 14. g3 Bb5 15. Bd3 Bxd3 16. Nxd3 Nd7 17. Nd2 Rg6 18. b4 Qg5 19. c4 Nf4 20. gxf4 exf4 21. Re1 Ne5 22. Nxe5 dxe5 23. Kh1 f3 24. Nxf3 gxf3 25. Qxf3 Rf6 26. Qg2 Qh5 27. Re3 Rg6 28. Qh3 Qg5 29. Rf3 Qg4 30. Rg3 Qxe4+ 31. f3 Qf4 32. Re1 Ke7 33. Qh5 Kf6 34. Re4 Qc1+ 35. Kg2 Qb2+ 36. Kh3 Qa1 37. Rxg6+ hxg6 38. Qh4+ Kg7 39. Qf2 Rh8+ 40. Kg2 Rh5 41. Qd2 Qb1 42. c5 f6 43. h4 Rh8 44. d6 Rd8 45. Qd5 Qc2+ 46. Kg1 Qb1+ 47. Kf2 Qb2+ 48. Kf1 Qb1+ 49. Re1 Qxb4 50. Rxe5 cxd6 51. Re7+ Kh6 52. h5 Qb1+ 53. Kf2 Qc2+ 54. Kf1 Qc1+ 55. Ke2 Qc2+ 56. Kf1 Qc1+ 57. Ke2 Qc2+ 1/2-1/2

[Event "HUN-ch U18"]
[Site "Balatonlelle"]
[Date "2018.06.27"]
[Round "8"]
[White "Marosi, Levente"]
[Black "Ugroczky, Peter"]
[Result "1-0"]
[WhiteElo "2281"]
[BlackElo "2204"]
[PlyCount "115"]
[EventDate "2018.06.21"]
[EventType "swiss"]
[EventRounds "9"]
[EventCountry "HUN"]
[SourceTitle "EXT 2019"]
[Source "ChessBase"]
[SourceDate "2018.10.10"]
[SourceVersion "1"]
[SourceVersionDate "2018.10.10"]
[SourceQuality "1"]

1. e4 e5 2. Nf3 Nc6 3. Bb5 a6 4. Ba4 Nge7 5. c3 g6 6. d4 exd4 7. cxd4 Bg7 8. Nc3 0-0 9. d5 b5 10. Bc2 Na5 11. 0-0 d6 12. Nd4 Bd7 13. Re1 Nc4 14. b3 c5 15. dxc6 Nxc6 16. Nde2 Nb6 17. Rb1 Nb4 18. a3 Nxc2 19. Qxc2 d5 20. Be3 Rc8 21. Qd2 Bc6 22. Rbd1 Bb7 23. exd5 Re8 24. d6 Nd7 25. Nd5 Ne5 26. Ne7+ Rxe7 27. dxe7 Qxe7 28. Qb4 Qe6 29. Qh4 Bxg2 30. Kxg2 Qc6+ 31. Kf1 Qh1+ 32. Ng1 Nf3 33. Qg3 Nxe1 34. Rxe1 Qd5 35. Qg4 Rd8 36. Qg5 Qd3+ 37. Ne2 Re8 38. Qc5 Qxb3 39. Qc6 Rd8 40. Qxa6 Qd5 41. Kg1 h5 42. Rb1 Qe4 43. Qxb5 h4 44. Qb7 Qc2 45. Re1 Rd1 46. Kf1 Qd3 47. Qc8+ Kh7 48. Qg4 Bf6 49. Rxd1 Qxd1+ 50. Kg2 Kg8 51. h3 Qd5+ 52. Qf3 Qd6 53. a4 Bg7 54. a5 Qa3 55. Qa8+ Kh7 56. a6 g5 57. Qe4+ Kg8 58. a7 1-0

[Event "Zalakaros op 37th"]
[Site "Zalakaros"]
[Date "2018.05.31"]
[Round "7"]
[White "Ugroczky, Peter"]
[Black "Zentai, Peter1111"]
[Result "1-0"]
[WhiteElo "2197"]
[BlackElo "2327"]
[PlyCount "89"]
[EventDate "2018.05.25"]
[EventType "swiss"]
[EventRounds "9"]
[EventCountry "HUN"]
[SourceTitle "CBM 184 Extra"]
[Source "ChessBase"]
[SourceDate "2018.06.28"]
[SourceVersion "1"]
[SourceVersionDate "2018.06.28"]
[SourceQuality "1"]

1. e4 e6 2. d4 d5 3. Nd2 h6 4. Bd3 c5 5. exd5 Qxd5 6. Ngf3 cxd4 7. Bc4 Qd6 8. Qe2 Nf6 9. Nb3 Nc6 10. Bb5 a6 11. Bxc6+ Qxc6 12. Nbxd4 Qe4 13. Be3 Nd5 14. 0-0-0 Nxe3 15. fxe3 Be7 16. Nd2 Qe5 17. h4 Qa5 18. Kb1 e5 19. N4b3 Qb6 20. Nc4 Qe6 21. e4 0-0 22. Ne3 Bd7 23. g4 Rad8 24. Nf5 Bb5 25. Qf3 Rxd1+ 26. Rxd1 Rd8 27. Rh1 Bf8 28. g5 Qg6 29. gxh6 gxh6 30. Qf2 Kh7 31. Rg1 Qh5 32. Ng3 Qg6 33. Ne2 Qh5 34. Qg3 Qg6 35. Qxe5 Bg7 36. Qc7 Qf6 37. Nc3 Rd7 38. Qg3 Bc6 39. a3 Re7 40. Nd2 b5 41. Rf1 Qg6 42. Qh3 Re5 43. Nf3 Rc5 44. Rg1 Qf6 45. Ng5+ 1-0

[Event "Zalakaros op 37th"]
[Site "Zalakaros"]
[Date "2018.05.30"]
[Round "6"]
[White "Vinkovics, Sandor"]
[Black "Ugroczky, Peter"]
[Result "0-1"]
[WhiteElo "2054"]
[BlackElo "2197"]
[PlyCount "64"]
[EventDate "2018.05.25"]
[EventType "swiss"]
[EventRounds "9"]
[EventCountry "HUN"]
[SourceTitle "EXT 2019"]
[Source "ChessBase"]
[SourceDate "2018.10.10"]
[SourceVersion "1"]
[SourceVersionDate "2018.10.10"]
[SourceQuality "1"]

1. d4 d5 2. Nf3 Nf6 3. Bg5 e6 4. e3 Nbd7 5. Be2 Be7 6. 0-0 Ne4 7. Bxe7 Qxe7 8. c4 0-0 9. Qc2 c6 10. Nc3 Ndf6 11. Ne5 Nxc3 12. bxc3 Ne4 13. cxd5 exd5 14. f3 Nd6 15. Bd3 g6 16. Rae1 f6 17. Ng4 Bxg4 18. fxg4 Rae8 19. Rf4 Kg7 20. c4 Qe6 21. c5 Nf7 22. h4 Nh6 23. Qe2 f5 24. gxf5 Nxf5 25. Qf2 Nh6 26. e4 Ng4 27. Qg3 Nf6 28. Qe3 dxe4 29. Qe2 Qd5 30. Bxe4 Qxd4+ 31. Qe3 Qc4 32. Rc1 Rxe4 0-1

[Event "Zalakaros op 37th"]
[Site "Zalakaros"]
[Date "2018.05.28"]
[Round "4"]
[White "Chubar, Vladimir"]
[Black "Ugroczky, Peter"]
[Result "1-0"]
[WhiteElo "2011"]
[BlackElo "2197"]
[PlyCount "139"]
[EventDate "2018.05.25"]
[EventType "swiss"]
[EventRounds "9"]
[EventCountry "HUN"]
[SourceTitle "EXT 2019"]
[Source "ChessBase"]
[SourceDate "2018.10.10"]
[SourceVersion "1"]
[SourceVersionDate "2018.10.10"]
[SourceQuality "1"]

1. Nf3 d5 2. d4 Nf6 3. g3 e6 4. Bg2 Be7 5. 0-0 0-0 6. b3 b6 7. Bb2 Nbd7 8. Nbd2 Ba6 9. Re1 Rc8 10. e4 c5 11. exd5 Nxd5 12. c4 Nb4 13. Ne4 Bb7 14. a3 Na6 15. Qc2 h6 16. Rad1 Bxe4 17. Qxe4 Bf6 18. Qb7 Nab8 19. Ne5 Rc7 20. Qf3 cxd4 21. Bxd4 Qe7 22. Ng4 Bxd4 23. Rxd4 f5 24. Qf4 Rc5 25. Ne5 g5 26. Ng6 gxf4 27. Nxe7+ Kf7 28. Nc6 e5 29. Nxb8 Nxb8 30. Bd5+ Kf6 31. Rd2 fxg3 32. hxg3 Rd8 33. Red1 Rc7 34. Kg2 Rcd7 35. Rh1 Kg6 36. Re2 Re7 37. f3 Nd7 38. Rhe1 Kf6 39. Kh3 Nf8 40. Rh2 Rg7 41. Kg2 Rg6 42. Reh1 Kg7 43. Kf2 Ne6 44. Rh5 Nd4 45. Re1 Kf6 46. b4 Rd7 47. g4 Rdg7 48. c5 bxc5 49. bxc5 Rd7 50. gxf5 Nxf5 51. Rxf5+ Kxf5 52. Be4+ Kf6 53. Bxg6 Kxg6 54. Rxe5 Kf6 55. Re2 Rd3 56. Rc2 Ke7 57. c6 Kd8 58. c7+ Kc8 59. a4 Rd4 60. Ke3 Rxa4 61. f4 h5 62. f5 h4 63. f6 Ra6 64. Rf2 Re6+ 65. Kd4 Re8 66. f7 Rf8 67. Ke5 Kxc7 68. Ke6 h3 69. Ke7 h2 70. Rxh2 1-0

[Event "HUN-chT2 Charousek 1718"]
[Site "Hungary"]
[Date "2018.03.25"]
[Round "8.4"]
[White "Ugroczky, Peter"]
[Black "Zentai, Peter1111"]
[Result "1/2-1/2"]
[WhiteElo "2195"]
[BlackElo "2333"]
[PlyCount "29"]
[EventDate "2017.10.29"]
[EventType "team-tourn"]
[EventRounds "9"]
[EventCountry "HUN"]
[SourceTitle "EXT 2020"]
[Source "ChessBase"]
[SourceDate "2019.10.17"]
[SourceVersion "1"]
[SourceVersionDate "2019.10.17"]
[SourceQuality "1"]
[WhiteTeam "Haladas Szombathely II"]
[BlackTeam "Balatonfuered"]
[WhiteTeamCountry "HUN"]
[BlackTeamCountry "HUN"]

1. e4 e6 2. d4 d5 3. Nd2 c5 4. Ngf3 cxd4 5. Nxd4 Nc6 6. N4f3 Nf6 7. Bd3 dxe4 8. Nxe4 Nxe4 9. Bxe4 Qxd1+ 10. Kxd1 Bc5 11. Ke2 Bd7 12. Be3 Bxe3 13. Kxe3 Ke7 14. Nd4 Nxd4 15. Kxd4 1/2-1/2

[Event "EU-ch U18 27th"]
[Site "Mamaia"]
[Date "2017.09.11"]
[Round "6"]
[White "Ugroczky, Peter"]
[Black "Thorhallsson, Simon"]
[Result "1-0"]
[WhiteElo "2269"]
[BlackElo "2074"]
[PlyCount "65"]
[EventDate "2017.09.05"]
[EventType "swiss"]
[EventRounds "9"]
[EventCountry "ROU"]
[SourceTitle "CBM 180 Extra"]
[Source "ChessBase"]
[SourceDate "2017.10.06"]
[SourceVersion "1"]
[SourceVersionDate "2017.10.06"]
[SourceQuality "1"]

1. e4 c5 2. Nf3 d6 3. d4 cxd4 4. Qxd4 a6 5. c4 e5 6. Qd3 Nf6 7. Bg5 Nbd7 8. Nc3 Be7 9. Be2 0-0 10. 0-0 Qc7 11. Rac1 b6 12. b4 Bb7 13. Bd1 h6 14. Bxf6 Nxf6 15. Bb3 Rac8 16. Ne1 Qb8 17. Nc2 Qa8 18. f3 Rc7 19. a4 Bc8 20. Ne3 Be6 21. f4 exf4 22. Rxf4 Rfc8 23. Ncd5 Nxd5 24. exd5 Bg5 25. Rf3 Bg4 26. Bc2 Bxe3+ 27. Rxe3 g6 28. Rf1 Rxc4 29. Rxf7 Bf5 30. Rxf5 gxf5 31. Qxf5 R4c7 32. Rg3+ Rg7 33. Qh7+ 1-0

[Event "Zalakaros op 36th"]
[Site "Zalakaros"]
[Date "2017.05.26"]
[Round "9"]
[White "Ugroczky, Peter"]
[Black "Sankalp, Gupta"]
[Result "1/2-1/2"]
[WhiteElo "2185"]
[BlackElo "2269"]
[PlyCount "148"]
[EventDate "2017.05.18"]
[EventType "swiss"]
[EventRounds "9"]
[EventCountry "HUN"]
[SourceTitle "CBM 178 Extra"]
[Source "ChessBase"]
[SourceDate "2017.06.22"]
[SourceVersion "1"]
[SourceVersionDate "2017.06.22"]
[SourceQuality "1"]

1. e4 e6 2. d4 d5 3. Nd2 Be7 4. e5 c5 5. c3 Nc6 6. Ndf3 Bd7 7. Bd3 cxd4 8. cxd4 Qb6 9. Ne2 Nb4 10. 0-0 Nxd3 11. Qxd3 Bb5 12. Qd1 Rc8 13. Re1 Bb4 14. Bd2 Bxd2 15. Qxd2 Bxe2 16. Rxe2 Ne7 17. Re3 0-0 18. Rb3 Qc7 19. Rc3 Qd7 20. Rac1 Rxc3 21. Rxc3 Rc8 22. g3 h6 23. Qc2 Rxc3 24. Qxc3 Qc6 25. Qa5 Qc1+ 26. Kg2 Nc6 27. Qb5 Qc4 28. Qxc4 dxc4 29. Kf1 Nb4 30. Nd2 b5 31. a4 a6 32. axb5 axb5 33. Ne4 Nc6 34. Ke2 Nxd4+ 35. Ke3 Nc2+ 36. Kd2 Nd4 37. Ke3 Nc2+ 38. Kd2 Nb4 39. f4 Nd3 40. Kc3 g5 41. fxg5 hxg5 42. Nxg5 Nxe5 43. Ne4 Nf3 44. Kb4 f5 45. Nc5 Nd4 46. Nd7 Kf7 47. Kc5 Nf3 48. Kxb5 Ke7 49. Nc5 Nxh2 50. Kxc4 Nf1 51. b4 Kd6 52. Nb7+ Kc6 53. Nc5 e5 54. b5+ Kd6 55. b6 Nd2+ 56. Kb5 Nf3 57. b7 Nd4+ 58. Kb6 Nc6 59. Nd3 e4 60. Ne5 Nb8 61. Ka7 Kc7 62. Nc4 Nc6+ 63. Ka8 Nb8 64. Ne3 Nd7 65. Nxf5 Kd8 66. Ka7 Kc7 67. Ne3 Kd6 68. g4 Ke6 69. Ka6 Nc5+ 70. Kb6 Nxb7 71. Kxb7 Ke5 72. Ng2 Kf6 73. Kc6 Kg5 74. Kd5 Kxg4 1/2-1/2

[Event "HUN-chT 1617"]
[Site "Hungary"]
[Date "2016.11.27"]
[Round "3.12"]
[White "Ugroczky, Peter"]
[Black "Kokeny, Norbert Adrian"]
[Result "1/2-1/2"]
[WhiteElo "2219"]
[BlackElo "2060"]
[PlyCount "51"]
[EventDate "2016.10.30"]
[EventType "team-tourn"]
[EventRounds "9"]
[EventCountry "HUN"]
[SourceTitle "EXT 2018"]
[Source "ChessBase"]
[SourceDate "2017.10.13"]
[SourceVersion "1"]
[SourceVersionDate "2017.10.13"]
[SourceQuality "1"]
[WhiteTeam "HVSE Infraplan"]
[BlackTeam "Dunaharaszti"]
[WhiteTeamCountry "HUN"]
[BlackTeamCountry "HUN"]

1. e4 e5 2. Nf3 Nc6 3. Bb5 a6 4. Ba4 Nf6 5. d4 exd4 6. 0-0 d6 7. Nxd4 Bd7 8. Nxc6 Bxc6 9. Bxc6+ bxc6 10. Qf3 Qd7 11. b3 Be7 12. Bb2 0-0 13. h3 Qe6 14. Nd2 Nd7 15. c4 Bf6 16. Bxf6 Qxf6 17. Qxf6 Nxf6 18. Rac1 Rfe8 19. f3 Nd7 20. Rfd1 a5 21. Nb1 Nc5 22. Nc3 g6 23. Kf2 Kg7 24. g4 Rab8 25. Rb1 Rb4 26. Ne2 1/2-1/2

[Event "HUN-chT U18"]
[Site "Hajduboszormeny"]
[Date "2016.11.05"]
[Round "6.4"]
[White "Ugroczky, Peter"]
[Black "Pribelszky, Bence"]
[Result "1-0"]
[WhiteElo "2219"]
[BlackElo "2082"]
[PlyCount "89"]
[EventDate "2016.11.02"]
[EventType "team-swiss"]
[EventRounds "8"]
[EventCountry "HUN"]
[SourceTitle "CBM 175 Extra"]
[Source "ChessBase"]
[SourceDate "2016.12.12"]
[SourceVersion "1"]
[SourceVersionDate "2016.12.12"]
[SourceQuality "1"]

1. e4 c5 2. Nf3 e6 3. d4 cxd4 4. Nxd4 Nc6 5. Nb5 d6 6. c4 a6 7. N5c3 Nf6 8. g3 Bd7 9. Bg2 Rc8 10. b3 Qc7 11. 0-0 Be7 12. Bb2 0-0 13. f4 b5 14. Nd2 Rfd8 15. Kh1 bxc4 16. Nxc4 Na5 17. Ne3 Bc6 18. Qe2 Qb7 19. Nc2 d5 20. Nd4 dxe4 21. Nxc6 Qxc6 22. Rac1 Qb6 23. Nxe4 Nd5 24. Qg4 Bf8 25. f5 Ne3 26. Nf6+ Kh8 27. Qh5 gxf6 28. Bxf6+ Bg7 29. Bxg7+ Kxg7 30. f6+ Kh8 31. Qxf7 Nf5 32. Rxc8 Rxc8 33. g4 Rg8 34. gxf5 Qd4 35. fxe6 Rxg2 36. Qf8+ Rg8 37. Qxg8+ Kxg8 38. f7+ Kf8 39. e7+ Kxe7 40. f8Q+ Kd7 41. Rf7+ Kc6 42. Qc8+ Kb5 43. Qb8+ Kc6 44. Rc7+ Kd6 45. Rc4+ 1-0

[Event "HUN-chT U18"]
[Site "Hajduboszormeny"]
[Date "2016.11.05"]
[Round "7.4"]
[White "Ugroczky, Peter"]
[Black "Urhegyi, Marton"]
[Result "1-0"]
[WhiteElo "2219"]
[BlackElo "2234"]
[PlyCount "98"]
[EventDate "2016.11.02"]
[EventType "team-swiss"]
[EventRounds "8"]
[EventCountry "HUN"]
[SourceTitle "CBM 175 Extra"]
[Source "ChessBase"]
[SourceDate "2016.12.12"]
[SourceVersion "1"]
[SourceVersionDate "2016.12.12"]
[SourceQuality "1"]

1. e4 e6 2. d4 d5 3. Nd2 Nf6 4. e5 Nfd7 5. Bd3 c5 6. c3 Nc6 7. Ngf3 Be7 8. 0-0 g5 9. b3 cxd4 10. cxd4 Qb6 11. Bb2 h5 12. a4 a5 13. Bb5 g4 14. Ne1 Nxd4 15. Nc4 dxc4 16. Bxd4 Bc5 17. Bxc5 Qxc5 18. bxc4 Qxe5 19. Ra2 Ke7 20. Re2 Qc7 21. Qc1 b6 22. Qg5+ Nf6 23. Nc2 Rg8 24. Qh4 Bb7 25. Ne3 Qc5 26. Rd1 Rad8 27. Red2 Rxd2 28. Rxd2 Qg5 29. Qg3 e5 30. Nf5+ Ke6 31. Qd3 Qxd2 32. Qxd2 Kxf5 33. Qd6 Be4 34. Qxb6 h4 35. Kf1 g3 36. hxg3 hxg3 37. fxg3 Bd3+ 38. Ke1 Rh8 39. Kd2 Be4 40. Bc6 Rh2 41. g4+ Kxg4 42. Bxe4 Nxe4+ 43. Ke3 f5 44. Qxa5 Nd6 45. Qd5 Ne4 46. Qxe5 Rxg2 47. Qf4+ Kh5 48. Qxf5+ Ng5 49. c5 Rg3+ 1-0

[Event "HUN-chT U18"]
[Site "Hajduboszormeny"]
[Date "2016.11.04"]
[Round "5.10"]
[White "Erseki, Tamara"]
[Black "Ugroczky, Peter"]
[Result "1-0"]
[WhiteElo "1914"]
[BlackElo "2219"]
[PlyCount "91"]
[EventDate "2016.11.02"]
[EventType "team-swiss"]
[EventRounds "8"]
[EventCountry "HUN"]
[SourceTitle "CBM 175 Extra"]
[Source "ChessBase"]
[SourceDate "2016.12.12"]
[SourceVersion "1"]
[SourceVersionDate "2016.12.12"]
[SourceQuality "1"]

1. e4 c5 2. Nf3 d6 3. d4 cxd4 4. Nxd4 Nf6 5. Nc3 Nc6 6. Bg5 Qb6 7. Nb3 e6 8. Qd2 Be7 9. 0-0-0 0-0 10. Be3 Qc7 11. f3 a6 12. g4 b5 13. h4 Bb7 14. h5 Ne5 15. Qf2 Rac8 16. Bb6 Qb8 17. g5 Nfd7 18. Be3 b4 19. Ne2 Nc4 20. Ned4 Nxe3 21. Qxe3 Qc7 22. Rd2 Ne5 23. g6 Nc4 24. Bxc4 Qxc4 25. h6 fxg6 26. hxg7 Rf7 27. Rxh7 Rxg7 28. Rh1 Bf6 29. Kb1 a5 30. Nxa5 Qc5 31. Nxb7 Rxb7 32. Qd3 Qe5 33. Qb3 Re8 34. Rg1 Kg7 35. Ne2 d5 36. exd5 exd5 37. Nc1 Rd8 38. Re2 Qd4 39. Reg2 Ra8 40. Rxg6+ Kf7 41. R6g4 Qc5 42. Qd3 Rb6 43. Qh7+ Ke6 44. Re1+ Kd6 45. Qf7 Qa5 46. Qxf6+ 1-0